Trump University Marketing 101 : Làm thế nào sử dụng những ý tưởng marketing hiệu quả nhất để thu hút khách hàng

Được viết với mục đích sử dụng một cuốn sách vỡ lòng vừa như một cuốn hướng dẫn cho các khóa học Marketing trong trường đại học Trump, Trump University Marketing 101 cung cấp tất cả các thông tin và chiến lược cần thiết để marketing thành c...

Deskribapen osoa

Gorde:
Xehetasun bibliografikoak
Egile nagusia: Sexton, Don
Formatua: Liburua
Hizkuntza:Undetermined
Argitaratua: Hà Nội Lao động - Xã hội 2012
Gaiak:
Etiketak: Etiketa erantsi
Etiketarik gabe, Izan zaitez lehena erregistro honi etiketa jartzen!
Thư viện lưu trữ: Trung tâm Học liệu Trường Đại học Cần Thơ
LEADER 01169nam a2200217Ia 4500
001 CTU_175177
008 210402s9999 xx 000 0 und d
020 |c 99000 
082 |a 658.8 
082 |b S518 
100 |a Sexton, Don 
245 0 |a Trump University Marketing 101 : 
245 0 |b Làm thế nào sử dụng những ý tưởng marketing hiệu quả nhất để thu hút khách hàng 
245 0 |c Don Sexton ; Hà Minh Hoàng, Nguyễn Trang (dịch), Nhóm GoldenPages hiệu đính 
260 |a Hà Nội 
260 |b Lao động - Xã hội 
260 |c 2012 
520 |a Được viết với mục đích sử dụng một cuốn sách vỡ lòng vừa như một cuốn hướng dẫn cho các khóa học Marketing trong trường đại học Trump, Trump University Marketing 101 cung cấp tất cả các thông tin và chiến lược cần thiết để marketing thành công sản phẩm hoặc dịch vụ 
650 |a Sự tiếp thị,Marketing 
904 |i Trân 
980 |a Trung tâm Học liệu Trường Đại học Cần Thơ